| 000 | 00584cam a2200205 a 4500 | ||
|---|---|---|---|
| 001 | 4260983 | ||
| 005 | 20180117042436.0 | ||
| 008 | 841212t19851984ne 001 0 eng | ||
| 010 | _a 84028653 | ||
| 020 |
_a0444876367 (pbk.) : _cfl 90.00 |
||
| 040 |
_aDLC _cDLC _dDLC |
||
| 041 | 1 | _aengdut | |
| 080 | _a330 PEN | ||
| 082 | 0 | 0 |
_a330 PEN _219 |
| 100 | 1 | _a52 | |
| 101 | _aEKO | ||
| 245 | 1 | 0 |
_aAmong economists : _cJan Pen ; translation, Trevor S. Preston. |
| 906 |
_a7 _bcbc _corignew _d1 _eocip _f19 _gy-gencatlg |
||
| 942 |
_2ddc _cBK |
||
| 999 |
_c40427 _d40427 |
||